Jugadores Resto de África #2 - Estadísticas

Estadísticas generales
  • Esta prueba ha sido intentada 6 veces
  • La puntuación promedio es 5 de 20
Estadísticas de respuestas
Imagen Respuesta % Correcto
Logan Costa
83%
Traore
83%
Bebou
67%
Beto
67%
Pululu
67%
Saul Coco
67%
Nsue
33%
Denkey
17%
Morsy
17%
Mounie
17%
Abdelmonem
0%
Benson
0%
Bruno Varela
0%
Dweh
0%
Fabio Abreu
0%
Koita
0%
Minteh
0%
Munetsi
0%
Ouattara
0%
Sakala
0%
No se encontraron pruebas coincidentes
Distribución de puntuación
Porcentaje de gente con cada puntuación
Porcentaje por número respondido
Historial de tus puntuaciones
No has intentado esta prueba.